Indie Games by Pictures #4 - Statistics

General Stats
  • This quiz has been taken 305 times
  • The average score is 12 of 20
Answer Stats
Picture Answer % Correct
Five Nights at Freddy's
98%
Subnautica
91%
Beat Saber
88%
Stray
84%
The Binding of Isaac
84%
Balatro
83%
Cult of the Lamb
78%
Bloons TD
75%
SUPERHOT
74%
Lethal Company
65%
Castle Crashers
57%
OneShot
57%
Human Fall Flat
54%
Baba is You
52%
Vampire Survivors
38%
A Dance of Fire and Ice
36%
World of Goo
33%
Little Misfortune
32%
Pico's School
28%
Dusk
10%
No matching quizzes found
Score Distribution
Percent of People with Each Score
Percentile by Number Answered
Your Score History
You have not taken this quiz